Fable à trous : La Cigale et la Fourmi - Statistiques

Statistiques générales
  • Ce quiz a été pris 112 fois
  • Le résultat moyen est 8 sur 11
Statistiques - réponses
Fable La Cigale et la Fourmi % Correct
La Cigale, ayant chanté Tout l'Été, La Cigale, ayant chanté Tout {l}'{été},
99%
Elle alla crier famine Chez la Fourmi sa voisine, Elle alla crier {famine} Chez la Fourmi sa voisine,
96%
— Vous chantiez ? j'en suis fort aise. Eh bien !dansez maintenant. » — Vous chantiez ? j'en suis fort aise. Eh bien {dansez} maintenant. »
90%
Se trouva fort dépourvue Quand la bise fut venue. Se trouva fort dépourvue Quand {la} {bise} fut venue.
89%
— Nuit et jour à tout venant Je chantais, ne vous déplaise. — Nuit et jour à tout venant Je {chantais}, ne vous déplaise.
84%
Jusqu'à la saison nouvelle. Je vous paierai, lui dit-elle, Jusqu'à la {saison} nouvelle. Je vous paierai, lui dit-elle,
77%
La Fourmi n'est pas prêteuse ; C'est là son moindre défaut. La Fourmi n'est pas {prêteuse} ; C'est là son moindre défaut.
72%
Avant l'Oût, foi d'animal, Intérêt et principal. Avant l'Oût, foi {d}'{animal}, Intérêt et principal.
62%
La priant de lui prêter Quelque grain pour subsister La priant de lui prêter Quelque {grain} pour subsister
49%
Pas un seul petit morceau De mouche ou de vermisseau. Pas un seul petit morceau De {mouche} ou de vermisseau.
44%
« Que faisiez-vous au temps chaud ? Dit-elle à cette emprunteuse. « Que faisiez-vous au {temps} {chaud} ? Dit-elle à cette emprunteuse.
44%
Aucun quiz correspondant
Distribution des résultats
% des personnes avec chaque résultat
Percentile par nombre de réponses
Votre historique - résultats
Vous n’avez pas pris ce quiz